000 nam a22 7a 4500
999 _c15176
_d15176
008 161027b xxu||||| |||| 00| 0 eng d
020 _a0072424346
050 _aQA 39.3 .R67 2003
100 _aRosen, Kenneth H.
245 _aDiscrete Mathematics and its Application/
_cKenneth H. Rosen
250 _a5th ed.
260 _aBoston:
_bMcGraw Hill,
_c2003
300 _axxi,787p. :
_bill. ;
_c25cm
500 _aIncludes bibliographical references and index.
650 _aMathematics.
650 _aComputer science.
_xMathematics.
942 _2lcc
_cBOOKS
_hQA 39.3 .R67 2003